000 00760nam a2200217 i 4500
003 IT-RoINE
005 20201120133653.0
008 020131s1935 sp | r 000 0 spa d
040 _aSpMaBN
_bspa
_cIT-RoINE
_erdc
_dIT-RoINE
100 1 _aVera, Francisco,
_d1888-1967
_97733
245 1 4 _aLos historiadores de la matemática española /
_cpor Francisco Vera.
260 _aMadrid :
_bVictoriano Suárez,
_c1935.
300 _a167 p. ;
_c15 cm.
336 _2rdacontent
_atext
337 _2rdamedia
_aunmediated
338 _2rdacarrier
_avolume
490 1 _aBiblioteca Española de Divulgación Científica ;
_v14
650 4 _97734
_aMatemáticas
_zEspaña
_xHistoria
830 0 _97735
_aBiblioteca española de la divulgación científica ;
_v14
942 _cMTS
999 _c3731
_d3731